00278nam a2200109Ia 4500008004100000041000800041100001700049245002800066260003700094300000800131700002900139250110s9999 xx 000 0 und d aeng aJaju Namrata aWedding Resort At Neral bFinal Year B.Arch ID, Punec2012 a95p aGuide Name:Joshi Prakash